Oceans: Documents of Contemporary Art.
Gorde:
| Beste egile batzuk: | , |
|---|---|
| Formatua: | Ezezaguna |
| Hizkuntza: | ingelesa |
| Argitaratua: |
Cambridge, Massachusetts, United States:
The MIT Press,
2023.
|
| Gaiak: | |
| Etiketak: |
Etiketa erantsi
Etiketarik gabe, Izan zaitez lehena erregistro honi etiketa jartzen!
|
MARC
| LEADER | 00000 a2200000 4500 | ||
|---|---|---|---|
| 003 | CL-VaPUC | ||
| 005 | 20231108123251.0 | ||
| 008 | 231016t2023 ||||| |||| 00| 0 eng d | ||
| 999 | |c 441929 |d 441927 | ||
| 020 | |a 978-0-262-54534-1 | ||
| 040 | |c Pontificia Universidad Católica de Valparaíso | ||
| 082 | |2 22 |a 709.04 WAD 2023 | ||
| 100 | |a Syperek, Pandora |9 884843 |e editor | ||
| 245 | |a Oceans: |b Documents of Contemporary Art. | ||
| 260 | |a Cambridge, Massachusetts, United States: |b The MIT Press, |c 2023. | ||
| 300 | |a 239 páginas. | ||
| 583 | |k GC |c 20231016 | ||
| 650 | 0 | |9 519875 |a Mares y océanos |x Arte contemporáneo |y Siglo 20 | |
| 650 | 0 | |9 519875 |a Mares y océanos |v Crítica e interpretación |x Historia del arte |y Siglo 20 | |
| 700 | |9 885108 |a Wade, Sarah |e editor | ||
| 942 | |2 ddc |c BK | ||
| 952 | |0 0 |1 0 |2 ddc |4 0 |6 709_040000000000000_WAD_2023 |7 0 |8 A |9 591917 |a BIBARQ |b BIBARQ |c GEN |d 2023-10-11 |e 1 |g 25531.75 |i 5659014 |o 709.04 WAD 2023 |p 5659014 |r 2025-01-20 |t 1 |v 25531.75 |w 2023-10-11 |y BK |k ARQ | ||